| 000 | 00353nam a2200145Ia 4500 | ||
|---|---|---|---|
| 008 | 210210b2005 xxu||||| |||| 00| 0 eng d | ||
| 082 | _a574.5 SHAE | ||
| 100 | _aSHARMA (Aditi). | ||
| 245 | _aEnvironmental studies. | ||
| 260 |
_aN D _bSurjeet publications _c2005 |
||
| 300 | _ax,524 | ||
| 650 | _aEnvironment | ||
| 690 | _aEcology | ||
| 906 | _aSG04837 | ||
| 999 |
_c115596 _d115596 |
||